000 00792nam a2200205Ia 4500
005 20241129111242.0
008 241129s9999||||xx |||||||||||||| ||und||
037 _aTB
040 _aCRL
_bpun
_cCRL
041 _apun
_2pun
084 _aY73(P153):1.2 153N2;R2
_qCRL
100 _aਪੂਨੀ, ਬਲਬੀਰ ਸਿੰਘ, ਚ।
245 0 _aਪੰਜਾਬੀ ਲੋਕਧਾਰਾ ਅਤੇ ਸਭਿਆਚਾਰ
_cਪੂਨੀ, ਬਲਬੀਰ ਸਿੰਘ, ਚ।
260 _aਅੰਮ੍ਰਿਤਸਰ, ਭਾਰਤ
_bਅੰਮ੍ਰਿਤਸਰ ਵਾਰਿਸ ਸ਼ਾਹ ਫ਼ਾਉਂਡੇਸ਼ਨ
_c2022
300 _a95ਪ੍ਰ0
365 _aINR
_b960
650 _aSociology
942 _cTB
_hY73(P153):1.2 153N2;R2
999 _c1229593
_d1229593